00381nam a2200121Ia 4500008004100000041001200041082001500053100001900068245002000087260002200107510011800129650001200247231221s9999 xx 000 0 und d aEnglish a6547 - MBA aMcNeal, Casey. 0aProblem solving c2005bMakauaOrme aCourse Introduction 1. People and problem solving. 2. Problem solving techniques. 3. Decision making techniques.  asolving